| 000 | 00371nam a22001457a 4500 | ||
|---|---|---|---|
| 008 | 240408b |||||||| |||| 00| 0 eng d | ||
| 020 | _a9789387944800 | ||
| 082 | _a006.7 | ||
| 100 | _aIlian, George. | ||
| 245 |
_aMark Zuckerberg: _bSuccess Secrets |
||
| 260 |
_aMumbai: _bJaico Publishing House, _c2022. |
||
| 300 |
_a99 p.; _c20 Cm. |
||
| 942 | _2ddc | ||
| 999 |
_c9868 _d9869 |
||